5HLuxD.jpg

KING HENRY VIII SENIOR AND PRIMARY SCHOOL LIBRARY OPAC

Bad girls / (Record no. 2035)

000 -LEADER
fixed length control field 01031cam a2200301 a 4500
001 - CONTROL NUMBER
control field 00168489
003 - CONTROL NUMBER IDENTIFIER
control field OCoLC
005 - DATE AND TIME OF LATEST TRANSACTION
control field 20230301153056.0
008 - FIXED-LENGTH DATA ELEMENTS--GENERAL INFORMATION
fixed length control field 090710r20061996enka j 000 1 eng d
020 ## - INTERNATIONAL STANDARD BOOK NUMBER
International Standard Book Number 9780440867623 (pbk.)
035 ## - SYSTEM CONTROL NUMBER
System control number UM035512
035 ## - SYSTEM CONTROL NUMBER
System control number (OCoLC)225080471
040 ## - CATALOGING SOURCE
Original cataloging agency NTPU
Transcribing agency STD
Modifying agency KH8
042 ## - AUTHENTICATION CODE
Authentication code nbic
082 0# - DEWEY DECIMAL CLASSIFICATION NUMBER
Classification number 823.914 WIL
100 1# - MAIN ENTRY--PERSONAL NAME
Personal name Wilson, Jacqueline.
Relator term author
245 10 - TITLE STATEMENT
Title Bad girls /
Statement of responsibility, etc. Jacqueline Wilson ; illustrations by Nick Sharratt.
260 ## - PUBLICATION, DISTRIBUTION, ETC.
Place of publication, distribution, etc. London :
Name of publisher, distributor, etc. Corgi Yearling,
Date of publication, distribution, etc. 2006, c1996.
300 ## - PHYSICAL DESCRIPTION
Extent 177 p. :
Other physical details ill. ;
Dimensions 20 cm.
500 ## - GENERAL NOTE
General note Originally published:Great Britain: Doubleday, 1996.
520 ## - SUMMARY, ETC.
Summary, etc. Ten-year-old Mandy must endure torment from three nasty bullies in school, but she finds solace in a new friendship with an older girl.
650 #0 - SUBJECT ADDED ENTRY--TOPICAL TERM
Topical term or geographic name entry element Bullies
Form subdivision Juvenile fiction.
650 #0 - SUBJECT ADDED ENTRY--TOPICAL TERM
Topical term or geographic name entry element Friendship
Form subdivision Juvenile fiction.
650 #0 - SUBJECT ADDED ENTRY--TOPICAL TERM
Topical term or geographic name entry element Schools
Form subdivision Juvenile fiction.
651 #0 - SUBJECT ADDED ENTRY--GEOGRAPHIC NAME
Geographic name England
Form subdivision Juvenile fiction.
700 1# - ADDED ENTRY--PERSONAL NAME
Personal name Sharratt, Nick,
Relator term ill.
942 ## - ADDED ENTRY ELEMENTS (KOHA)
Source of classification or shelving scheme
Koha item type Books - Non Ficton
Holdings
Withdrawn status Lost status Source of classification or shelving scheme Damaged status Not for loan Collection code Permanent Location Current Location Shelving location Date acquired Total Checkouts Full call number Barcode Date last seen Date last checked out Price effective from Koha item type
          Non-Fiction KH8 Primary School Library KH8 Primary School Library Non Fiction 2023-03-01 3 823.914 WIL KHPL000003745 2025-12-05 2025-02-06 2023-03-01 Books - Non Ficton
          Non-Fiction KH8 Primary School Library KH8 Primary School Library Non Fiction 2023-03-01 5 823.914 WIL KHPL000003820 2025-12-05 2025-01-16 2023-03-01 Books - Non Ficton
          Non-Fiction KH8 Primary School Library KH8 Primary School Library Non Fiction 2023-03-01   823.914 WIL KHPL000003821 2025-12-05   2023-03-01 Books - Non Ficton

Powered By KH8 IT Dept